MARC details
| 000 -CABECERA |
| campo de control de longitud fija |
02268nam a2200481 a 4500 |
| 001 - NÚMERO DE CONTROL |
| campo de control |
000028449 |
| 003 - IDENTIFICADOR DEL NÚMERO DE CONTROL |
| campo de control |
DO-SdBNP |
| 005 - FECHA Y HORA DE LA ÚLTIMA TRANSACCIÓN |
| campo de control |
20250822081902.0 |
| 007 - CAMPO FIJO DE DESCRIPCIÓN FÍSICA--INFORMACIÓN GENERAL |
| campo de control de longitud fija |
ta |
| 008 - DATOS DE LONGITUD FIJA--INFORMACIÓN GENERAL |
| campo de control de longitud fija |
110408s2010 dr r 000 j spa d |
| 020 ## - NÚMERO INTERNACIONAL ESTÁNDAR DEL LIBRO |
| Número Internacional Estándar del Libro |
9993486124 |
| 040 ## - FUENTE DE LA CATALOGACIÓN |
| Centro catalogador/agencia de origen |
DO-SdBNP |
| Lengua de catalogación |
spa |
| Centro/agencia transcriptor |
BNPHU |
| Normas de descripción |
rda |
| 082 #4 - NÚMERO DE LA CLASIFICACIÓN DECIMAL DEWEY |
| Número de clasificación |
RD863.44 |
| Número de documento/Ítem |
C571p |
| Número de edición |
22 |
| 245 01 - MENCIÓN DE TÍTULO |
| Título |
La ciguapa, el pícaro y la dama : |
| Resto del título |
relatos y leyendas dominicanos / |
| Mención de responsabilidad, etc. |
Javier Angulo Guridi ... [et al.] ; selección de Andrés Blanco Díaz. |
| 246 13 - FORMA VARIANTE DE TÍTULO |
| Título propio/Titulo breve |
El pícaro y la dama |
| 264 #1 - PRODUCCIÓN, PUBLICACIÓN, DISTRIBUCIÓN, FABRICACIÓN Y COPYRIGHT |
| Producción, publicación, distribución, fabricación y copyright |
Santo Domingo : |
| Nombre del de productor, editor, distribuidor, fabricante |
Alfaguara, |
| Fecha de producción, publicación, distribución, fabricación o copyright |
2010. |
| 300 ## - DESCRIPCIÓN FÍSICA |
| Extensión |
148 páginas ; |
| Dimensiones |
22 cm. |
| 336 ## - TIPO DE CONTENIDO |
| Término de tipo de contenido |
texto |
| Código de tipo de contenido |
txt |
| Fuente |
rdacontent |
| 337 ## - TIPO DE MEDIO |
| Nombre/término del tipo de medio |
sin mediación |
| Código del tipo de medio |
n |
| Fuente |
rdamedia |
| 338 ## - TIPO DE SOPORTE |
| Nombre/término del tipo de soporte |
volumen |
| Código del tipo de soporte |
nc |
| Fuente |
rdacarrier |
| 490 1# - MENCIÓN DE SERIE |
| Mención de serie |
Alfaguara |
| 490 1# - MENCIÓN DE SERIE |
| Mención de serie |
Roja |
| 505 0# - NOTA DE CONTENIDO CON FORMATO |
| Título |
La ciguapa / |
| Mención de responsabilidad |
Javier Angulo Guridi -- |
| Título |
La boca del indio / |
| Mención de responsabilidad |
Alejandro Llenas -- |
| Título |
Humorada trágica / |
| Mención de responsabilidad |
Federico Henríquez y Carvajal -- |
| Título |
Pepa, Pepe y José / |
| Mención de responsabilidad |
Amelia Francasci -- |
| Título |
La novia de su ilustrísima / |
| Mención de responsabilidad |
Temístocles A. Ravelo -- |
| Título |
Los diamantes negros / |
| Mención de responsabilidad |
José Ramón López -- |
| Título |
El aguador / |
| Mención de responsabilidad |
José Ramón López -- |
| Título |
Ernesto de Anqui6ses / |
| Mención de responsabilidad |
Fabio Fiallo -- |
| Título |
Cándido Espuela / |
| Mención de responsabilidad |
Vigil Díaz -- |
| Título |
Mingo / |
| Mención de responsabilidad |
Tomás Hernández Franco -- |
| Título |
Zumbador / |
| Mención de responsabilidad |
J. M. Sanz Lajara -- |
| 590 ## - NOTA LOCAL (RLIN) |
| Nota local |
Inventariado, 2018/BT |
| 650 #4 - PUNTO DE ACCESO ADICIONAL DE MATERIA--TÉRMINO DE MATERIA |
| Término de materia o nombre geográfico como elemento de entrada |
Cuentos populares dominicanos |
| Subdivisión de forma |
Colecciones |
| 9 (RLIN) |
146 |
| 650 #0 - PUNTO DE ACCESO ADICIONAL DE MATERIA--TÉRMINO DE MATERIA |
| Término de materia o nombre geográfico como elemento de entrada |
Literatura dominicana. |
| 9 (RLIN) |
67 |
| 650 #4 - PUNTO DE ACCESO ADICIONAL DE MATERIA--TÉRMINO DE MATERIA |
| Término de materia o nombre geográfico como elemento de entrada |
Leyendas dominicanas |
| 9 (RLIN) |
18869 |
| 700 12 - PUNTO DE ACCESO ADICIONAL--NOMBRE DE PERSONA |
| Nombre de persona |
Blanco Díaz, Andrés |
| Término indicativo de función/relación |
pról. |
| 9 (RLIN) |
172 |
| 700 12 - PUNTO DE ACCESO ADICIONAL--NOMBRE DE PERSONA |
| Nombre de persona |
Angulo Guridi, Javier |
| Título de la obra |
La ciguapa |
| 9 (RLIN) |
55399 |
| 700 12 - PUNTO DE ACCESO ADICIONAL--NOMBRE DE PERSONA |
| Nombre de persona |
Llenas, Alejandro, |
| Fechas asociadas al nombre |
1844-1902 |
| 9 (RLIN) |
169 |
| 700 12 - PUNTO DE ACCESO ADICIONAL--NOMBRE DE PERSONA |
| Nombre de persona |
Henríquez i Carvajal, Federico, |
| Fechas asociadas al nombre |
1848-1952 |
| 9 (RLIN) |
7792 |
| 700 12 - PUNTO DE ACCESO ADICIONAL--NOMBRE DE PERSONA |
| Nombre de persona |
Francasci, Amelia |
| Título de la obra |
Pepa, Pepe y José |
| 9 (RLIN) |
55402 |
| 700 12 - PUNTO DE ACCESO ADICIONAL--NOMBRE DE PERSONA |
| Nombre de persona |
Ravelo, Temístocles A. |
| Título de la obra |
La novia de su ilustrísima |
| 9 (RLIN) |
55403 |
| 700 12 - PUNTO DE ACCESO ADICIONAL--NOMBRE DE PERSONA |
| Nombre de persona |
Penson, César Nicolás |
| Título de la obra |
Los diamantes negros |
| 9 (RLIN) |
55404 |
| 700 12 - PUNTO DE ACCESO ADICIONAL--NOMBRE DE PERSONA |
| Nombre de persona |
López, José Ramón |
| Título de la obra |
El aguador |
| 9 (RLIN) |
55405 |
| 700 12 - PUNTO DE ACCESO ADICIONAL--NOMBRE DE PERSONA |
| Nombre de persona |
Fiallo, Fabio |
| Título de la obra |
Ernesto de Anquises |
| 9 (RLIN) |
55406 |
| 700 12 - PUNTO DE ACCESO ADICIONAL--NOMBRE DE PERSONA |
| Nombre de persona |
Díaz, Vigil |
| Título de la obra |
Cándido Espuela |
| 9 (RLIN) |
55407 |
| 700 12 - PUNTO DE ACCESO ADICIONAL--NOMBRE DE PERSONA |
| Nombre de persona |
Hernández Franco, Tomás |
| Título de la obra |
Mingo |
| 9 (RLIN) |
55408 |
| 700 12 - PUNTO DE ACCESO ADICIONAL--NOMBRE DE PERSONA |
| Nombre de persona |
Sanz Lajara, J. M. |
| Título de la obra |
Zumbador |
| 9 (RLIN) |
55409 |
| 700 12 - PUNTO DE ACCESO ADICIONAL--NOMBRE DE PERSONA |
| Nombre de persona |
Angulo Guridi, Javier, |
| Fechas asociadas al nombre |
1816- |
| 9 (RLIN) |
55410 |
| 910 ## - DATOS DE OPCIÓN DEL USUARIO (OCLC) |
| Datos de opción del usuario |
Validado. Control de calidad. MFF |
| 942 ## - ELEMENTOS DE PUNTO DE ACCESO ADICIONAL (KOHA) |
| Fuente del sistema de clasificación o colocación |
Dewey Decimal Classification |
| Tipo de ítem Koha |
Libro |